| 000 | 00496pab a2200181 454500 | ||
|---|---|---|---|
| 008 | 180718b2012 xxu||||| |||| 00| 0 eng d | ||
| 100 | _aNarain, Kumar Amarendra | ||
| 245 | _aImpact of rural migration of agricultural labourers of Bihar in Assam (A case study of Cachar district) | ||
| 260 | _c2012 | ||
| 300 | _ap.24-27. | ||
| 362 | _aFeb | ||
| 650 | _aMigration | ||
| 650 | _aAgricultural workers | ||
| 650 | _aRural migration | ||
| 773 | _aKurukshetra | ||
| 908 | _aN | ||
| 909 | _a95082 | ||
| 999 |
_c95082 _d95082 |
||